| 000 | 00947cam a2200277 i 4500 | ||
|---|---|---|---|
| 001 | 2488492 | ||
| 005 | 20151104143019.0 | ||
| 008 | 760225s1968 dcu b 001 0 eng d | ||
| 010 | _a 69014372 | ||
| 035 | _a(OCoLC)ocm02012941 | ||
| 040 |
_aFXG _cFXG _dOCL _dZCU |
||
| 050 | _aBV598.O4 1969 | ||
| 100 | 1 |
_aO'Grady, Colm. _920969 |
|
| 245 | 1 | 4 |
_aThe Church in the Catholic theology _cColm O'Grady. _b: dialogue with Karl Barth |
| 260 |
_aWashington : _bCorpus Books, _c1969. |
||
| 300 |
_ax, 388 p. _c23 cm. |
||
| 500 | _aCompanion volume to the author's The Church in Catholic theology: dialogue with Karl Barth. | ||
| 500 | _aIndexes. | ||
| 504 | _aBibliography: p. 351-360. | ||
| 600 | 1 | 0 |
_aBarth, Karl, _d1886-1968. _912885 |
| 650 | 0 |
_aBarth, Karl _920970 |
|
| 650 | 0 |
_aCatholic church _xDoctrines _xHistory _920971 |
|
| 650 | 0 |
_aChurch _xHistory and doctrines _y20th century _920972 |
|
| 942 |
_2lcc _cMONOGRAPH |
||
| 999 |
_c123750 _d123750 |
||